| 000 | 00777nam a22002297a 4500 | ||
|---|---|---|---|
| 005 | 20180504172705.0 | ||
| 010 | _aENG-122888 | ||
| 020 |
_a9789385926808 _c400.00 |
||
| 035 | _aEN-106420 | ||
| 037 | _bDBAD/PUB. | ||
| 082 | _a651.321 | ||
| 245 |
_aProceedings of the national seminar on phytochemicals as therapeutics : _ced. by K.S. Lakshmi; R. Subha; B. Suji [and] V.Selvi _b16th & 17th September, 2016 / |
||
| 260 |
_aNew Delhi _bAllied Publishers Private _c2017 |
||
| 270 |
_a1/13-14 Asaf Ali Road , _bNew Delhi _e110002 |
||
| 300 |
_axiii, 62p. _c24cm (pbk) _bill. |
||
| 500 | _aIt include author index | ||
| 700 | _a Lakshmi, K.S. | ||
| 700 | _aSubha, R. | ||
| 700 | _a Suji, B. | ||
| 700 | _aSelvi, V. | ||
| 942 |
_2ddc _cEN _h651.321 _mPRO |
||
| 999 |
_c151888 _d151888 |
||